[Event "1 Bundesliga 2007/2008"]
[Site "Graz"]
[Date "2007.12.02"]
[Round "3"]
[Board "6"]
[White "Loeffler, Stefan"]
[Black "Kopinits, Anna Christina"]
[Result "1-0"]
[WhiteElo "2409"]
[BlackElo "2192"]
[PlyCount "51"]
[EventDate "2007.11.30"]
[EventType "team"]
[EventRounds "11"]
[EventCountry "AUT"]
[WhiteTeam "SK Advisory Invest Baden"]
[BlackTeam "ASVOe Wulkaprodersdorf"]

1.d4 Nf6 2.Bg5 Ne4 3.Bf4 d5 4.e3 e6 5.Bd3 c5 6.Bxe4 dxe4 7.Nc3 cxd4 8.Qxd4 Qxd4
9.exd4 Bb4 10.Nge2 Bd7 11.O-O-O Bc6 12.d5 exd5 13.Nxd5 Na6 14.Ng3 O-O-O 15.Nxb4
Nxb4 16.Nf5 Nd5 17.Bg3 g6 18.Nd6+ Rxd6 19.Bxd6 e3 20.Bc5 e2 21.Rd2 Nf4 22.Re1
Bb5 23.g3 Ne6 24.Be3 h6 25.c4 Bc6 26.Rexe2

[Event "1 Bundesliga 2007/2008"]
[Site "Graz"]
[Date "2008.01.10"]
[Round "4"]
[Board "2"]
[White "Balogh, Csaba"]
[Black "Meszaros, Tamas"]
[Result "1-0"]
[WhiteElo "2575"]
[BlackElo "2437"]
[PlyCount "73"]
[EventDate "2007.11.30"]
[EventType "team"]
[EventRounds "11"]
[EventCountry "AUT"]
[WhiteTeam "SK Advisory Invest Baden"]
[BlackTeam "RbEJ Gleisdorf"]

1.e4 e5 2.Nf3 Nc6 3.Bb5 Nf6 4.d3 Bc5 5.c3 O-O 6.O-O d6 7.Bg5 Bb6 8.Nbd2 a6 9.Ba4
Be6 10.Re1 h6 11.Bh4 g5 12.Bg3 Ne8 13.Nf1 Ne7 14.d4 f6 15.Bb3 Qc8 16.Ne3 Ng7
17.h3 Bxb3 18.axb3 Qe8 19.Qd3 Qf7 20.b4 exd4 21.Nxd4 f5 22.Ndxf5 Nexf5 23.Nxf5
Nxf5 24.exf5 Qxf5 25.Qd2 Rf7 26.c4 Qf6 27.Re4 Raf8 28.Rf1 h5 29.h4 gxh4 30.Rxh4
Qg6 31.Kh2 Rf5 32.Qd3 Kg7 33.Rh3 Rg5 34.Qc3+ Kg8 35.Kh1 Qf6 36.Qxf6 Rxf6 37.Bh4

[Event "1 Bundesliga 2007/2008"]
[Site "Graz"]
[Date "2008.01.10"]
[Round "4"]
[Board "3"]
[White "Sandhu, Mario"]
[Black "Siebrecht, Sebastian"]
[Result "0-1"]
[WhiteElo "2308"]
[BlackElo "2487"]
[PlyCount "117"]
[EventDate "2007.11.30"]
[EventType "team"]
[EventRounds "11"]
[EventCountry "AUT"]
[WhiteTeam "RbEJ Gleisdorf"]
[BlackTeam "SK Advisory Invest Baden"]

1.e4 c5 2.Nf3 e6 3.d4 cxd4 4.Nxd4 a6 5.c4 Nf6 6.Bd3 d6 7.Nc3 g6 8.O-O Bg7 9.Be3
O-O 10.Rc1 Nbd7 11.f3 Re8 12.Qd2 d5 13.cxd5 exd5 14.exd5 Nb6 15.Bg5 Nbxd5 16.Bc4
Qd6 17.Rfd1 Nxc3 18.Rxc3 Nd5 19.Rcc1 Nb6 20.Bb3 Be5 21.f4 Bg7 22.Nf3 Qxd2
23.Rxd2 Be6 24.Bxe6 Rxe6 25.Rc7 Rb8 26.b3 Bf8 27.f5 Rd6 28.fxg6 hxg6 29.Rdc2 Nd5
30.Rc8 Rxc8 31.Rxc8 Kg7 32.Kf2 b5 33.Bc1 Be7 34.g4 Nb4 35.Bb2+ Bf6 36.Ba3 Nd3+
37.Ke3 b4 38.Bc1 Bc3 39.Bd2 Bxd2+ 40.Nxd2 Ne5 41.g5 Rd3+ 42.Ke2 Rh3 43.Ne4 Ng4
44.Nd6 Rxh2+ 45.Kf3 f5 46.gxf6+ Nxf6 47.Rc7+ Kg8 48.Rc8+ Kg7 49.Rc7+ Kh8 50.Rb7
a5 51.Kf4 Rg2 52.Nf7+ Kg7 53.Ng5+ Kh6 54.Nf7+ Kh5 55.Rb5+ Kh4 56.Rxa5 Rf2+
57.Ke3 Ng4+ 58.Ke4 Rxf7 59.Kd4

[Event "1 Bundesliga 2007/2008"]
[Site "Graz"]
[Date "2008.01.10"]
[Round "4"]
[Board "4"]
[White "Baumegger, Siegfried"]
[Black "Frosch, Ronald"]
[Result "1-0"]
[WhiteElo "2440"]
[BlackElo "2229"]
[PlyCount "108"]
[EventDate "2007.11.30"]
[EventType "team"]
[EventRounds "11"]
[EventCountry "AUT"]
[WhiteTeam "SK Advisory Invest Baden"]
[BlackTeam "RbEJ Gleisdorf"]

1.e4 e5 2.Nf3 d6 3.Bc4 Be7 4.O-O Nf6 5.Re1 Bg4 6.h3 Bh5 7.d3 O-O 8.Nbd2 c6 9.Bb3
Nbd7 10.c3 Qc7 11.Nf1 Rfe8 12.Ng3 Bg6 13.Nh4 Nc5 14.Bc2 Ne6 15.Nhf5 Bf8 16.d4
Nf4 17.Qf3 Bxf5 18.exf5 N4d5 19.dxe5 dxe5 20.Bg5 Nd7 21.Bb3 N5f6 22.Ne4 Nxe4
23.Rxe4 Nc5 24.Rh4 Nxb3 25.axb3 f6 26.Be3 Qf7 27.b4 Red8 28.Qe2 b5 29.Re4 Rd7
30.g4 Qd5 31.f3 Qd3 32.Qxd3 Rxd3 33.Kf1 a6 34.Ke2 Rd7 35.h4 Kf7 36.g5 Rd5 37.Rg4
c5 38.bxc5 Bxc5 39.c4 bxc4 40.Ra5 Rb8 41.Rxc5 Rxb2+ 42.Ke1 Rd3 43.Rc7+ Ke8
44.Ba7 Ra3 45.Rgxc4 Ra1+ 46.Rc1 Rxc1+ 47.Rxc1 fxg5 48.hxg5 Rb7 49.Rc8+ Kd7
50.Rf8 Kd6 51.Bb8+ Ke7 52.Rg8 Kf7 53.Rc8 h6 54.Bd6 hxg5

[Event "1 Bundesliga 2007/2008"]
[Site "Graz"]
[Date "2008.01.10"]
[Round "4"]
[Board "5"]
[White "Wanderer, Thomas"]
[Black "Stohl, Igor"]
[Result "0-1"]
[WhiteElo "2226"]
[BlackElo "2543"]
[PlyCount "100"]
[EventDate "2007.11.30"]
[EventType "team"]
[EventRounds "11"]
[EventCountry "AUT"]
[WhiteTeam "RbEJ Gleisdorf"]
[BlackTeam "SK Advisory Invest Baden"]

1.e4 c5 2.Nc3 Nc6 3.g3 g6 4.Bg2 Bg7 5.d3 d6 6.Be3 e5 7.Qd2 Nge7 8.f4 O-O 9.Nf3
Nd4 10.Nh4 exf4 11.Bxf4 Be6 12.O-O b5 13.Rae1 b4 14.Nd5 Bxd5 15.exd5 Qd7 16.c3
bxc3 17.bxc3 Nb5 18.Rc1 Rae8 19.a4 Nc7 20.c4 Rb8 21.Rb1 Na6 22.Rfe1 Rxb1 23.Rxb1
Nb4 24.Re1 a5 25.Kh1 Nc8 26.Nf3 Qxa4 27.d4 Nc2 28.Rc1 Nxd4 29.Nxd4 Bxd4 30.Bh3
Qb4 31.Qa2 a4 32.Rb1 Qa5 33.Bd7 a3 34.Bd2 Qa7 35.Bb5 Bb2 36.Bh6 Qe7 37.Rxb2 axb2
38.Qxb2 Qe5 39.Qxe5 dxe5 40.Be3 Nd6 41.Bxc5 Rd8 42.Ba6 f6 43.Bxd6 Rxd6 44.Bb7
Rb6 45.Bc8 Kf8 46.Bd7 Ke7 47.Bb5 Kd6 48.Kg2 Rxb5 49.cxb5 Kxd5 50.Kf3 f5

[Event "1 Bundesliga 2007/2008"]
[Site "Graz"]
[Date "2008.01.10"]
[Round "4"]
[Board "6"]
[White "Lendwai, Reinhard"]
[Black "Perhinig, Robert"]
[Result "1/2-1/2"]
[WhiteElo "2423"]
[BlackElo "2272"]
[PlyCount "102"]
[EventDate "2007.11.30"]
[EventType "team"]
[EventRounds "11"]
[EventCountry "AUT"]
[WhiteTeam "SK Advisory Invest Baden"]
[BlackTeam "RbEJ Gleisdorf"]

1.e4 e6 2.d3 d5 3.Nd2 Nf6 4.Ngf3 Be7 5.g3 O-O 6.Bg2 c5 7.O-O Nc6 8.Re1 b5 9.e5
Nd7 10.Nf1 a5 11.h4 b4 12.N1h2 a4 13.a3 bxa3 14.bxa3 Ba6 15.Bg5 Qa5 16.Ng4 h6
17.Bd2 Qc7 18.Bf4 Rfb8 19.Qc1 Bf8 20.h5 Qd8 21.Kh2 Rb6 22.Bh3 Nd4 23.Nxd4 cxd4
24.Ra2 Rc6 25.Qa1 Qa5 26.Qd1 Rac8 27.Re2 Rb8 28.Kg2 Qb6 29.Re1 Rbc8 30.Re2 Rc3
31.Qa1 Qc5 32.Nh2 Rxa3 33.Nf3 Rxa2 34.Qxa2 a3 35.g4 Qc3 36.g5 hxg5 37.Nxg5 Qb2
38.c4 Qxa2 39.Rxa2 Rd8 40.Nxe6 fxe6 41.Bxe6+ Kh8 42.Bg5 Rb8 43.Bxd7 dxc4 44.e6
Rb2 45.Ra1 Bb7+ 46.Kg3 Bd6+ 47.f4 Re2 48.dxc4 d3 49.e7 Bxe7 50.Bxe7 Rxe7 51.Bg4
Re3+

[Event "1 Bundesliga 2007/2008"]
[Site "Graz"]
[Date "2008.01.10"]
[Round "4"]
[Board "4"]
[White "Likavsky, Tomas"]
[Black "Bunzmann, Dimitrij"]
[Result "1-0"]
[WhiteElo "2494"]
[BlackElo "2518"]
[PlyCount "55"]
[EventDate "2007.11.30"]
[EventType "team"]
[EventRounds "11"]
[EventCountry "AUT"]
[WhiteTeam "ASVOe Wulkaprodersdorf"]
[BlackTeam "SK KlZtgMPOe Maria Saal"]

1.d4 e6 2.c4 b6 3.e4 Bb7 4.Bd3 f5 5.exf5 Bb4+ 6.Kf1 Nf6 7.Nf3 O-O 8.a3 Bd6 9.Nc3
Qe8 10.Bg5 exf5 11.c5 Be7 12.Bxf5 Kh8 13.cxb6 axb6 14.h4 Ra5 15.Bc2 Bd6 16.Kg1
Qh5 17.Rh3 Nc6 18.Bxf6 gxf6 19.Ne4 Bf4 20.Neg5 Qg4 21.Qd3 f5 22.Re1 Rd5 23.Bb3
Rd6 24.d5 Na5 25.Ba2 h6 26.b4 Kg8 27.bxa5 hxg5 28.hxg5

[Event "1 Bundesliga 2007/2008"]
[Site "Graz"]
[Date "2008.01.10"]
[Round "4"]
[Board "6"]
[White "Volkmann, Friedrich Karl"]
[Black "Schachinger, Mario"]
[Result "1-0"]
[WhiteElo "2434"]
[BlackElo "2308"]
[PlyCount "67"]
[EventDate "2007.11.30"]
[EventType "team"]
[EventRounds "11"]
[EventCountry "AUT"]
[WhiteTeam "ASVOe Wulkaprodersdorf"]
[BlackTeam "SK KlZtgMPOe Maria Saal"]

1.e4 e5 2.Nf3 Nc6 3.Nc3 Nf6 4.Bb5 Nd4 5.Nxe5 Qe7 6.f4 Nxb5 7.Nxb5 d6 8.Nf3 Qxe4+
9.Kf2 Ng4+ 10.Kg3 Qg6 11.Nh4 Qh5 12.Nxc7+ Kd8 13.h3 Qc5 14.hxg4 Qxc7 15.d4 g5
16.fxg5 d5+ 17.Bf4 Bd6 18.Qf3 Be6 19.Nf5 Bxf5 20.gxf5 Bxf4+ 21.Qxf4 Rc8 22.c3
Rg8 23.Qxc7+ Rxc7 24.Kf4 f6 25.gxf6 Rxg2 26.Rag1 Rf2+ 27.Ke3 Rxf5 28.Rg8+ Kd7
29.Rxh7+ Kc6 30.Rxc7+ Kxc7 31.Rf8 a6 32.f7 Rf1 33.b3 Kd7 34.Rb8

[Event "1 Bundesliga 2007/2008"]
[Site "Graz"]
[Date "2008.01.10"]
[Round "4"]
[Board "2"]
[White "Rotstein, Arkadij"]
[Black "Naumann, Alexander"]
[Result "1/2-1/2"]
[WhiteElo "2548"]
[BlackElo "2541"]
[PlyCount "180"]
[EventDate "2007.11.30"]
[EventType "team"]
[EventRounds "11"]
[EventCountry "AUT"]
[WhiteTeam "SK Absam"]
[BlackTeam "SK Hohenems"]

1.Nf3 Nf6 2.d4 d5 3.c4 c6 4.e3 Bf5 5.Nc3 e6 6.Nh4 Bg6 7.Be2 Nbd7 8.O-O Bd6 9.g3
Qe7 10.a3 dxc4 11.Bxc4 a6 12.Re1 c5 13.Bf1 O-O 14.Nxg6 hxg6 15.Bg2 Rab8 16.Bd2
Rfd8 17.Qe2 Nb6 18.dxc5 Bxc5 19.Red1 Rd7 20.Be1 Rbd8 21.Rxd7 Rxd7 22.Rc1 Rc7
23.Ne4 Nxe4 24.Bxe4 Nd5 25.Qf3 Qf6 26.Qxf6 gxf6 27.Bxd5 exd5 28.Rd1 Rd7 29.Bc3
f5 30.Kf1 Kf8 31.Bf6 Be7 32.Bxe7+ Kxe7 33.Ke2 Ke6 34.Kd3 Rc7 35.h4 f6 36.Rd2 Rc1
37.Rc2 Rb1 38.Kc3 Kd6 39.Kb4 b6 40.a4 g5 41.a5 bxa5+ 42.Kxa5 gxh4 43.gxh4 Ra1+
44.Kb6 f4 45.exf4 Rh1 46.Rc6+ Ke7 47.f5 Rxh4 48.Re6+ Kd7 49.Kc5 Rc4+ 50.Kxd5 Rb4
51.Rxf6 Rb5+ 52.Ke4 Rxb2 53.Rxa6 Rxf2 54.Ke5 Ke7 55.Ra7+ Kf8 56.Kf6 Kg8 57.Ra8+
Kh7 58.Re8 Ra2 59.Kf7 Ra5 60.f6 Ra7+ 61.Re7 Ra8 62.Rd7 Rb8 63.Rd1 Rb7+ 64.Ke6
Rb6+ 65.Ke7 Rb7+ 66.Rd7 Rb8 67.Rd8 Rb7+ 68.Ke6 Rb6+ 69.Rd6 Rb8 70.Kf7 Ra8 71.Rd2
Ra7+ 72.Ke6 Ra6+ 73.Ke7 Ra7+ 74.Rd7 Ra8 75.Kf7 Rb8 76.Ra7 Kh6 77.Re7 Kh7 78.Rc7
Ra8 79.Rb7 Kh6 80.Ke6 Ra6+ 81.Ke7 Ra8 82.Kf7 Kh7 83.Rd7 Rb8 84.Ra7 Kh6 85.Ke6
Rb6+ 86.Ke7 Rb8 87.Rd7 Kg6 88.Rd6 Rb7+ 89.Ke6 Rf7 90.Ke5 Ra7

[Event "1 Bundesliga 2007/2008"]
[Site "Graz"]
[Date "2008.01.10"]
[Round "4"]
[Board "3"]
[White "Atlas, Valery"]
[Black "Wegerle, Joerg"]
[Result "1-0"]
[WhiteElo "2473"]
[BlackElo "2415"]
[PlyCount "121"]
[EventDate "2007.11.30"]
[EventType "team"]
[EventRounds "11"]
[EventCountry "AUT"]
[WhiteTeam "SK Hohenems"]
[BlackTeam "SK Absam"]

1.e4 e5 2.Nf3 Nc6 3.Bc4 Bc5 4.c3 Nf6 5.d3 a6 6.Bb3 Ba7 7.h3 O-O 8.O-O h6 9.Re1
d6 10.Nbd2 Be6 11.Nf1 Re8 12.N3h2 d5 13.Qf3 dxe4 14.dxe4 Bxb3 15.axb3 Qd6 16.Ng3
Ne7 17.b4 Kh7 18.Ng4 Nxg4 19.hxg4 f6 20.Rd1 Qe6 21.Nf5 Bb6 22.Be3 Bxe3 23.Qxe3
Red8 24.Rd2 Nxf5 25.gxf5 Qb3 26.Qe2 Rxd2 27.Qxd2 b6 28.Ra3 Qg8 29.Qd7 Qd8
30.Qxd8 Rxd8 31.Rxa6 Rd1+ 32.Kh2 Rd2 33.Kg3 Rxb2 34.Ra7 c6 35.Rc7 c5 36.bxc5 b5
37.Rd7 Rb3 38.Rd3 Ra3 39.Kf3 Ra4 40.Ke3 Rc4 41.Kd2 Rxe4 42.c6 Rc4 43.Rd5 Rxc6
44.Rxb5 h5 45.Kd3 Kh6 46.c4 Kg5 47.c5 Kxf5 48.Kc4 h4 49.Kd5 Rc8 50.c6 g5 51.Kd6
g4 52.Rb3 Kf4 53.c7 e4 54.g3+ Kg5 55.Rb8 Rxc7 56.Kxc7 e3 57.gxh4+ Kxh4 58.Rh8+
Kg5 59.fxe3 Kf5 60.Re8 g3 61.Rg8

[Event "1 Bundesliga 2007/2008"]
[Site "Graz"]
[Date "2008.01.10"]
[Round "4"]
[Board "4"]
[White "Kantorik, Marian"]
[Black "Bezold, Michael"]
[Result "0-1"]
[WhiteElo "2368"]
[BlackElo "2521"]
[PlyCount "68"]
[EventDate "2007.11.30"]
[EventType "team"]
[EventRounds "11"]
[EventCountry "AUT"]
[WhiteTeam "SK Absam"]
[BlackTeam "SK Hohenems"]

1.d4 Nf6 2.c4 c5 3.Nf3 g6 4.g3 Bg7 5.Bg2 Nc6 6.O-O O-O 7.Nc3 d6 8.d5 Na5 9.Nd2
a6 10.Qc2 Rb8 11.a4 e6 12.b3 Re8 13.Bb2 exd5 14.cxd5 Bf5 15.e4 Bd7 16.Rfe1 b5
17.axb5 axb5 18.Ne2 b4 19.e5 dxe5 20.Qxc5 Rb5 21.Qa7 Nxd5 22.Nc4 Nc6 23.Qa6 Nb8
24.Qa7 Nc6 25.Qa6 Nb8 26.Qa7 Bc6 27.Red1 Re7 28.Qa4 Rd7 29.Na5 Nf4 30.Nxf4 Rxd1+
31.Rxd1 Qxd1+ 32.Bf1 Rxa5 33.Qxa5 exf4 34.Bxg7 Qf3

[Event "1 Bundesliga 2007/2008"]
[Site "Graz"]
[Date "2008.01.10"]
[Round "4"]
[Board "5"]
[White "Novkovic, Milan"]
[Black "Schmittdiel, Eckhard"]
[Result "0-1"]
[WhiteElo "2413"]
[BlackElo "2417"]
[PlyCount "90"]
[EventDate "2007.11.30"]
[EventType "team"]
[EventRounds "11"]
[EventCountry "AUT"]
[WhiteTeam "SK Hohenems"]
[BlackTeam "SK Absam"]

1.d4 e6 2.c4 f5 3.Nc3 Nf6 4.e3 g6 5.Bd3 Bg7 6.Nge2 O-O 7.O-O Nc6 8.b3 e5 9.dxe5
Nxe5 10.Bb2 b6 11.Nf4 Bb7 12.Rb1 Ne4 13.Bxe4 fxe4 14.Qc2 Qh4 15.Nxe4 Rae8
16.Bxe5 Bxe5 17.Ng3 g5 18.Nd5 Re6 19.Qe4 c6 20.Nb4 Bd6 21.Qxh4 gxh4 22.Nd3 hxg3
23.hxg3 c5 24.Rbd1 Bc6 25.Rfe1 Rf7 26.Nf4 Bxf4 27.exf4 Rfe7 28.Rxe6 Rxe6 29.Kf1
d5 30.cxd5 Rd6 31.Ke2 Rxd5 32.Rc1 Rd7 33.g4 Bb5+ 34.Kf3 Rd2 35.f5 Rxa2 36.g5 Rd2
37.Re1 Bc6+ 38.Kg3 Rd5 39.Kf4 Rd4+ 40.Ke5 Bxg2 41.Kf6 Kf8 42.g6 hxg6 43.fxg6
Rf4+ 44.Kg5 Rxf2 45.Kh6 Bd5

[Event "1 Bundesliga 2007/2008"]
[Site "Graz"]
[Date "2008.01.10"]
[Round "4"]
[Board "6"]
[White "Gerhold, Michael"]
[Black "Grabher, Heinz"]
[Result "1-0"]
[WhiteElo "2219"]
[BlackElo "2258"]
[PlyCount "70"]
[EventDate "2007.11.30"]
[EventType "team"]
[EventRounds "11"]
[EventCountry "AUT"]
[WhiteTeam "SK Absam"]
[BlackTeam "SK Hohenems"]

1.Nf3 Nc6 2.d4 d5 3.c4 Bg4 4.Nc3 e6 5.Bf4 Bd6 6.Bg3 Nf6 7.e3 O-O 8.cxd5 exd5
9.Be2 Ne4 10.Bxd6 Qxd6 11.O-O Rfe8 12.Rc1 Re6 13.Nxe4 dxe4 14.Nd2 Rh6 15.g3 Bxe2
16.Qxe2 Re8 17.Rc5 Qe6 18.Rfc1 Qh3 19.Nf1 Qd7 20.Qb5 Rd6 21.Nd2 a6 22.Qxb7 Rb8
23.Qxc6 Rxc6 24.Rxc6 h5 25.b3 Qg4 26.Kg2 h4 27.h3 Qe2 28.Nxe4 Qxa2 29.gxh4 Qxb3
30.R1c5 Qd1 31.Rxa6 Rb1 32.Ra8+ Kh7 33.Ng3 Qg1+ 34.Kf3 Qd1+ 35.Kg2 Qf1+

[Event "1 Bundesliga 2007/2008"]
[Site "Graz"]
[Date "2008.01.10"]
[Round "4"]
[Board "4"]
[White "Lipka, Juraj"]
[Black "Pilaj, Herwig"]
[Result "1/2-1/2"]
[WhiteElo "2438"]
[BlackElo "2374"]
[PlyCount "89"]
[EventDate "2007.11.30"]
[EventType "team"]
[EventRounds "11"]
[EventCountry "AUT"]
[WhiteTeam "ASVOe Pamhagen"]
[BlackTeam "SC Die Klagenfurter"]

1.d4 d5 2.c4 c6 3.Nf3 Nf6 4.e3 Bg4 5.h3 Bxf3 6.Qxf3 e6 7.Nc3 Nbd7 8.Bd2 Bb4
9.Bd3 O-O 10.a3 Ba5 11.cxd5 cxd5 12.O-O Rc8 13.Rfc1 Re8 14.Qd1 Bxc3 15.Bxc3 Ne4
16.Be1 Qb6 17.Rxc8 Rxc8 18.Rc1 Rc6 19.Rxc6 Qxc6 20.Qc2 Qxc2 21.Bxc2 Nb8 22.f3
Nf6 23.Kf2 Nc6 24.Ba4 Nd7 25.Ke2 Nb6 26.Bxc6 bxc6 27.Bb4 f6 28.b3 Kf7 29.Kd3 Nd7
30.Bd6 e5 31.a4 Ke6 32.Ba3 h5 33.Kc3 e4 34.f4 g5 35.fxg5 fxg5 36.Kb4 Kd6 37.Kc3+
Ke6 38.Kb4 Kd6 39.Ka5+ Kc7 40.Be7 g4 41.hxg4 hxg4 42.Kb4 Kb6 43.Bd8+ Kb7 44.Kc3
Nf8 45.Be7

[Event "1 Bundesliga 2007/2008"]
[Site "Graz"]
[Date "2008.01.10"]
[Round "4"]
[Board "5"]
[White "Genser, Harald"]
[Black "Smolen, Jan"]
[Result "1/2-1/2"]
[WhiteElo "2351"]
[BlackElo "2445"]
[PlyCount "81"]
[EventDate "2007.11.30"]
[EventType "team"]
[EventRounds "11"]
[EventCountry "AUT"]
[WhiteTeam "SC Die Klagenfurter"]
[BlackTeam "ASVOe Pamhagen"]

1.d4 d5 2.Nf3 c6 3.c4 e6 4.e3 Bd6 5.Nbd2 f5 6.Ne5 Nf6 7.Be2 O-O 8.O-O b6 9.b3
Bb7 10.Bb2 Nbd7 11.Rc1 Rc8 12.cxd5 cxd5 13.Rxc8 Qxc8 14.Nb1 Qc7 15.f4 Rc8 16.Bd3
Ne4 17.Qe2 Nxe5 18.fxe5 Bb4 19.g3 Qd8 20.Rc1 Rxc1+ 21.Bxc1 Qc8 22.Bb2 Be7 23.Qc2
Qxc2 24.Bxc2 Bg5 25.Bc1 Ba6 26.Bxe4 fxe4 27.Kf2 Bd3 28.Nc3 Be7 29.a3 a5 30.Na4
Bd8 31.Nc3 Kf7 32.b4 axb4 33.axb4 Ke8 34.Ba3 Be7 35.h3 Kd7 36.Kg2 h5 37.Kf2 Bg5
38.Bc1 Kc6 39.Ba3 Bc4 40.Bc1 Ba6 41.Ba3

[Event "1 Bundesliga 2007/2008"]
[Site "Graz"]
[Date "2008.01.10"]
[Round "4"]
[Board "6"]
[White "Kuthan, Andreas"]
[Black "Moser, Guenter"]
[Result "0-1"]
[WhiteElo "2237"]
[BlackElo "2354"]
[PlyCount "47"]
[EventDate "2007.11.30"]
[EventType "team"]
[EventRounds "11"]
[EventCountry "AUT"]
[WhiteTeam "ASVOe Pamhagen"]
[BlackTeam "SC Die Klagenfurter"]

1.e4 c6 2.c4 e5 3.Nf3 d6 4.d4 Nd7 5.Nc3 Ngf6 6.Be2 Be7 7.O-O O-O 8.Qc2 Re8 9.d5
Qc7 10.Rb1 a6 11.b4 cxd5 12.cxd5 Nxe4 13.Qxe4 Qxc3 14.Rb3 Qc7 15.Bg5 Qd8 16.h4
Nf8 17.Bxe7 Rxe7 18.h5 f5 19.Qh4 h6 20.Nd2 Nh7 21.Rg3 f4 22.Rc3 Bf5 23.Rfc1 Nf6
24.Nb3

[Event "1 Bundesliga 2007/2008"]
[Site "Graz"]
[Date "2008.01.10"]
[Round "4"]
[Board "4"]
[White "Wittmann, Walter"]
[Black "Tabernig, Bernhard"]
[Result "1/2-1/2"]
[WhiteElo "2279"]
[BlackElo "2323"]
[PlyCount "75"]
[EventDate "2007.11.30"]
[EventType "team"]
[EventRounds "11"]
[EventCountry "AUT"]
[WhiteTeam "Styria Graz"]
[BlackTeam "Mayrhofen/Zillertal"]

1.e4 e6 2.d4 d5 3.Nd2 Nf6 4.e5 Nfd7 5.Bd3 c5 6.c3 Nc6 7.Ne2 cxd4 8.cxd4 f6
9.exf6 Nxf6 10.O-O Bd6 11.Nf3 Qc7 12.g3 O-O 13.Bf4 e5 14.dxe5 Nxe5 15.Nxe5 Bxe5
16.Rc1 Qd6 17.Bxe5 Qxe5 18.Qb3 Bg4 19.Nf4 b6 20.Rfe1 Qd6 21.h3 Bd7 22.Rcd1 Rae8
23.Rxe8 Rxe8 24.Nxd5 Nxd5 25.Bc4 Kh8 26.Bxd5 Bxh3 27.Bg2 Qe6 28.Bxh3 Qxh3 29.Qf7
Rg8 30.Re1 Qh6 31.Qxa7 Qd2 32.Qe7 Qxb2 33.Qf7 Qc3 34.Re7 Qc1+ 35.Kg2 Qc6+ 36.Kh2
Qh6+ 37.Kg2 Qc6+ 38.Kh2

[Event "1 Bundesliga 2007/2008"]
[Site "Graz"]
[Date "2008.01.10"]
[Round "4"]
[Board "5"]
[White "Schiestl, Josef"]
[Black "Danner, Georg"]
[Result "0-1"]
[WhiteElo "2138"]
[BlackElo "2445"]
[PlyCount "130"]
[EventDate "2007.11.30"]
[EventType "team"]
[EventRounds "11"]
[EventCountry "AUT"]
[WhiteTeam "Mayrhofen/Zillertal"]
[BlackTeam "Styria Graz"]

1.e4 c5 2.Nf3 Nc6 3.d4 cxd4 4.Nxd4 Nf6 5.Nc3 d6 6.Bc4 Qb6 7.Nb3 Bg4 8.Be2 Bxe2
9.Qxe2 e6 10.O-O Rc8 11.Be3 Qc7 12.f4 Be7 13.Rad1 a6 14.Kh1 b5 15.a3 h5 16.Rd3
b4 17.axb4 Nxb4 18.Rd4 d5 19.e5 Ng4 20.Bg1 g6 21.Rd2 Qb7 22.Na4 Qb5 23.Qxb5+
axb5 24.Nac5 Nh6 25.Ra1 Nc6 26.c3 O-O 27.Ra6 b4 28.g3 Nf5 29.Kg2 Rc7 30.Ra4 bxc3
31.bxc3 Rfc8 32.Rda2 Kg7 33.Ra8 g5 34.Rxc8 Rxc8 35.Ra6 Kg6 36.Ra4 Rb8 37.Ra2
gxf4 38.gxf4 Nh4+ 39.Kg3 Kf5 40.Ra4 Rg8+ 41.Kf2 Rg2+ 42.Kf1 Rb2 43.Bf2 Nf3 44.h3
Rb1+ 45.Ke2 Ng1+ 46.Bxg1 Rxg1 47.Nd3 Rh1 48.Nf2 Rb1 49.Nd2 Rb6 50.Nd1 Bc5
51.Ne3+ Kg6 52.Ra1 Ne7 53.Rg1+ Kh6 54.Rb1 Rc6 55.Nd1 Ng6 56.Kf3 Nh4+ 57.Ke2 Kg6
58.Nb3 Bb6 59.Nd4 Bxd4 60.cxd4 Kf5 61.Ke3 Ra6 62.Rb3 Ra1 63.Rd3 Ng2+ 64.Kf3 Ne1+
65.Ke3 Ng2+

[Event "1 Bundesliga 2007/2008"]
[Site "Graz"]
[Date "2008.01.10"]
[Round "4"]
[Board "4"]
[White "Kosten, Anthony C"]
[Black "Haba, Petr"]
[Result "1/2-1/2"]
[WhiteElo "2511"]
[BlackElo "2536"]
[PlyCount "53"]
[EventDate "2007.11.30"]
[EventType "team"]
[EventRounds "11"]
[EventCountry "AUT"]
[WhiteTeam "Holz Dohr"]
[BlackTeam "Union Ansfelden"]

1.c4 e6 2.e4 d5 3.exd5 exd5 4.d4 Nf6 5.Nc3 Be7 6.Nf3 O-O 7.Be2 dxc4 8.Bxc4 c5
9.O-O Bg4 10.dxc5 Qxd1 11.Rxd1 Bxc5 12.Nd5 Nbd7 13.Bf4 Rac8 14.Rac1 a6 15.a3
Rfe8 16.b4 Bf8 17.Ne3 Bxf3 18.gxf3 Nb6 19.Bb3 Rxc1 20.Rxc1 Rc8 21.Rc7 Rxc7
22.Bxc7 Nc8 23.Be5 Ne8 24.Bd5 Ned6 25.Nc4 Nxc4 26.Bxc4 Bd6 27.Bg3

[Event "1 Bundesliga 2007/2008"]
[Site "Graz"]
[Date "2008.01.11"]
[Round "5"]
[Board "4"]
[White "Frosch, Ronald"]
[Black "Kosten, Anthony C"]
[Result "0-1"]
[WhiteElo "2229"]
[BlackElo "2511"]
[PlyCount "32"]
[EventDate "2007.11.30"]
[EventType "team"]
[EventRounds "11"]
[EventCountry "AUT"]
[WhiteTeam "RbEJ Gleisdorf"]
[BlackTeam "Holz Dohr"]

1.d4 Nf6 2.Nf3 d5 3.e3 c5 4.c3 e6 5.Bd3 Nc6 6.O-O Bd6 7.Nbd2 O-O 8.dxc5 Bxc5
9.e4 Qc7 10.exd5 exd5 11.h3 Bxh3 12.Ng5 Bg4 13.Bxh7+ Kh8 14.Qc2 g6 15.Nb3 Bf5
16.Qd2 Bb6

[Event "1 Bundesliga 2007/2008"]
[Site "Graz"]
[Date "2008.01.11"]
[Round "5"]
[Board "6"]
[White "Perhinig, Robert"]
[Black "Freitag, Manfred"]
[Result "1/2-1/2"]
[WhiteElo "2272"]
[BlackElo "2407"]
[PlyCount "35"]
[EventDate "2007.11.30"]
[EventType "team"]
[EventRounds "11"]
[EventCountry "AUT"]
[WhiteTeam "RbEJ Gleisdorf"]
[BlackTeam "Holz Dohr"]

1.d4 Nf6 2.c4 g6 3.Nc3 Bg7 4.e4 d6 5.Be2 O-O 6.Bg5 Na6 7.f4 c6 8.Nf3 Nc7 9.Qd2
d5 10.Bxf6 exf6 11.exd5 cxd5 12.c5 Bf5 13.O-O Bh6 14.b4 Be4 15.g3 Ne6 16.Rad1 f5
17.Ne5 f6 18.Nf3

[Event "1 Bundesliga 2007/2008"]
[Site "Graz"]
[Date "2008.01.11"]
[Round "5"]
[Board "1"]
[White "Shengelia, Davit"]
[Black "Ftacnik, Lubomir"]
[Result "1-0"]
[WhiteElo "2568"]
[BlackElo "2542"]
[PlyCount "99"]
[EventDate "2007.11.30"]
[EventType "team"]
[EventRounds "11"]
[EventCountry "AUT"]
[WhiteTeam "Styria Graz"]
[BlackTeam "Union Ansfelden"]

1.d4 Nf6 2.c4 g6 3.Nc3 d5 4.Bg5 Ne4 5.Bh4 c5 6.cxd5 Nxc3 7.bxc3 Qxd5 8.e3 Bg7
9.Nf3 cxd4 10.cxd4 Nc6 11.Be2 Qa5+ 12.Qd2 Be6 13.Rb1 Qxa2 14.Rxb7 O-O 15.Bg3
Qa1+ 16.Qd1 Qxd1+ 17.Bxd1 Bd5 18.Rb5 Rfd8 19.Bb3 Bxb3 20.Rxb3 e6 21.Ke2 a5
22.Ra1 Rdc8 23.Ra4 Bf8 24.Rb7 Nb4 25.Ng5 Nd5 26.Kf3 Bb4 27.Kg4 Be7 28.h4 Rc1
29.Kf3 Bb4 30.Ne4 f6 31.Nxf6+ Nxf6 32.Rbxb4 Nd5 33.Rb8+ Rxb8 34.Bxb8 Rc8 35.Bd6
Ra8 36.Bc5 Kf7 37.e4 Nc3 38.Ra3 Nb5 39.Rb3 Rb8 40.Kf4 Kf6 41.g4 Kf7 42.Ke3 h5
43.f3 a4 44.Rb1 Ke8 45.gxh5 gxh5 46.Rb4 a3 47.Ra4 e5 48.dxe5 Rc8 49.Bb4 Kd7
50.Ra5

[Event "1 Bundesliga 2007/2008"]
[Site "Graz"]
[Date "2008.01.11"]
[Round "5"]
[Board "4"]
[White "Haba, Petr"]
[Black "Wittmann, Walter"]
[Result "1-0"]
[WhiteElo "2536"]
[BlackElo "2279"]
[PlyCount "49"]
[EventDate "2007.11.30"]
[EventType "team"]
[EventRounds "11"]
[EventCountry "AUT"]
[WhiteTeam "Union Ansfelden"]
[BlackTeam "Styria Graz"]

1.e4 e5 2.Nf3 Nc6 3.Bb5 a6 4.Ba4 b5 5.Bb3 Bc5 6.O-O d6 7.c3 Bg4 8.Bd5 Qd7 9.Bxc6
Qxc6 10.Nxe5 dxe5 11.Qxg4 Nf6 12.Qg3 Qxe4 13.d4 exd4 14.Nd2 Qc6 15.Re1+ Kf8
16.Nb3 Re8 17.Bg5 Bd6 18.Qh4 Re4 19.Rxe4 Nxe4 20.Nxd4 Qd5 21.Bf4 Bxf4 22.Qxf4
Nd6 23.Re1 c5 24.Nf5 Nb7 25.Qg5

[Event "1 Bundesliga 2007/2008"]
[Site "Graz"]
[Date "2008.01.11"]
[Round "5"]
[Board "6"]
[White "Hellmayr, Alois"]
[Black "Hatzl, Stefan"]
[Result "1/2-1/2"]
[WhiteElo "2320"]
[BlackElo "2149"]
[PlyCount "54"]
[EventDate "2007.11.30"]
[EventType "team"]
[EventRounds "11"]
[EventCountry "AUT"]
[WhiteTeam "Union Ansfelden"]
[BlackTeam "Styria Graz"]

1.Nf3 c5 2.b3 Nc6 3.Bb2 d6 4.e4 e5 5.Bb5 Nge7 6.O-O g6 7.c3 Bg7 8.Re1 O-O 9.Bf1
h6 10.h3 f5 11.d3 Be6 12.Nbd2 b6 13.Rc1 Qd7 14.a3 g5 15.Nh2 Ng6 16.b4 Qf7 17.f3
Rad8 18.exf5 Bxf5 19.b5 Nce7 20.Ne4 Kh8 21.c4 Nf4 22.Rc2 Ng8 23.a4 Nf6 24.Qa1
Ne6 25.Bc3 Nd4 26.Ra2 Nxe4 27.fxe4 Be6